<Die> Zusatzrentengesellschaft als Subjekt der Finanzmarktaufsicht in der Slowakei

Systém dôchodkového poistenia v Slovenskej republike. Regulácia dôchodcovských spoločností.

Gespeichert in:
Bibliographische Detailangaben
1. Verfasser: Slezáková, Andrea, 1980-
Format: Buchkapitel
Sprache:Deutsch
Schlagworte:
Tags: Tag hinzufügen
Keine Tags, Fügen Sie das erste Tag hinzu!

MARC

LEADER 00000naa a2200000 4500
001 0228561
005 20240502083615.7
041 0 |a ger 
044 |a AT 
245 1 0 |a <Die> Zusatzrentengesellschaft als Subjekt der Finanzmarktaufsicht in der Slowakei  |c Andrea Slezáková 
520 |a Systém dôchodkového poistenia v Slovenskej republike. Regulácia dôchodcovských spoločností. 
610 2 0 |a spoločnosti správcovské dôchodkové 
610 2 0 |a regulácia finančná 
610 2 0 |a systémy dôchodkové 
610 2 0 |a reformy dôchodkové 
610 2 0 |a Slovensko 
100 1 |a Slezáková, Andrea, 1980-